[Event "6th Cesme Open-A 2018"]
[Site "Cesme"]
[Date "2018.06.30"]
[Round "7.12"]
[White "Yildiz Kadioglu, Betul Cemre"]
[Black "Cansun, Can Alp"]
[Result "1-0"]
[WhiteElo "2323"]
[BlackElo "1918"]
[Annotator "NA"]
[PlyCount "129"]
[EventDate "2018.06.26"]
[EventType "swiss"]
[EventCountry "TUR"]
[SourceTitle "playchess.com"]
[Source "ChessBase"]
[SourceQuality "1"]
[TimeControl "5400+30"]

1. e4 {[%emt 0:00:30]} c5 {[%emt 0:00:30]} 2. Nf3 {[%emt 0:00:30]} e6 {[%emt 0:00:30]} 3. d4 {[%emt 0:00:30]} cxd4 {[%emt 0:00:30]} 4. Nxd4 {[%emt 0:00:30]} a6 {[%emt 0:00:30]} 5. c4 {[%emt 0:00:00]} Nf6 {[%emt 0:00:00]} 6. Nc3 {[%emt 0:00:00]} Bb4 {[%emt 0:00:00]} 7. Bd3 {[%emt 0:00:00]} Nc6 {[%emt 0:00:00]} 8. a3 {[%emt 0:00:00] B41: Sicilian: Kan Variation: 5 c4} (8. Be3 Ne5 9. O-O Bxc3 10. bxc3 Qc7 11. h3 b6 12. Rb1 Bb7 13. f3 d6 14. Be2 O-O 15. Qb3 Ned7 16. Nc2 {1-0 (68) Nguyen,A (2465)-Gareyev,T (2611) Singapore 2018}) 8... Bd6 {[%emt 0:02:00]} 9. Nf3 $146 {[%emt 0:01:30]} Qc7 {[%emt 0:00:30]} 10. h3 {[%emt 0:03:30]} h6 {[%emt 0:07:30]} 11. Be3 {[%emt 0:08:30]} b6 {[%emt 0:03:30]} 12. Rc1 {[%emt 0:09:30]} Ne5 {[%emt 0:22:30]} 13. Nxe5 {[%emt 0:07:30]} Bxe5 {[%emt 0:00:30]} 14. Na4 {[%emt 0:01:30]} Rb8 {[%emt 0:00:30]} 15. O-O {[%emt 0:01:30]} Bh2+ {[%emt 0:03:30]} 16. Kh1 {[%emt 0:00:30]} Bf4 {[%emt 0:00:30]} 17. Qf3 {[%emt 0:02:30]} Bxe3 {[%emt 0:00:30]} 18. Qxe3 {[%emt 0:00:30]} d6 {[%emt 0:01:30]} 19. b4 {[%emt 0:01:30]} O-O {[%emt 0:03:30]} 20. f4 {[%emt 0:00:30]} Bb7 {[%emt 0:10:30]} 21. Nc3 {[%emt 0:00:30]} Rbd8 {[%emt 0:00:30]} 22. Ne2 {[%emt 0:07:30]} Qb8 {[%emt 0:04:30]} 23. Nd4 {[%emt 0:07:30]} Qa8 {[%emt 0:01:30]} 24. Rce1 {[%emt 0:00:30]} Rfe8 {[%emt 0:01:30]} 25. Re2 {[%emt 0:04:30]} e5 {[%emt 0:12:30]} (25... Nh5 $11 {remains equal.}) 26. Nf5 {[%emt 0:00:00]} Nh5 {[%emt 0:05:21]} 27. g3 {[%emt 0:09:00]} exf4 {[%emt 0:02:02]} 28. gxf4 {[%emt 0:00:30]} Re6 {[%emt 0:05:27]} 29. Qf3 {[%emt 0:08:30]} Nf6 {[%emt 0:03:56]} (29... g6 $11 {hält das Gleichgewicht.}) 30. Qg2 {[%emt 0:04:30]} Ne8 {[%emt 0:05:51]} 31. Kh2 {[%emt 0:04:02]} Kh8 {[%emt 0:00:30]} 32. Rfe1 {[%emt 0:00:30]} Rg6 {[%emt 0:00:50]} 33. Qf2 {[%emt 0:00:24]} b5 {[%emt 0:01:37]} 34. Qd4 {[%emt 0:02:41]} Nc7 {[%emt 0:00:56]} 35. Nh4 {[%emt 0:09:27]} Rf6 {[%emt 0:00:46]} 36. f5 {[%emt 0:00:02]} bxc4 {[%emt 0:00:08]} 37. Bxc4 {[%emt 0:01:29]} d5 {[%emt 0:00:11]} 38. e5 {[%emt 0:05:02]} dxc4 {[%emt 0:00:42]} 39. Qxc4 {[%emt 0:00:01]} Rc6 {[%emt 0:01:22]} 40. Qxf7 {[%emt 0:00:02]} Nd5 {[%emt 0:00:04]} 41. f6 {[%emt 0:00:46]} Rxf6 {[%emt 0:00:43]} 42. exf6 {[%emt 0:00:43]} Qb8+ {[%emt 0:00:01]} 43. Kg1 {[%emt 0:01:24]} Nxf6 {[%emt 0:00:54]} 44. Nf5 {[%emt 0:00:52]} Rg8 {[%emt 0:00:28]} 45. Qg6 {[%emt 0:00:31]} Qc7 {[%emt 0:00:38]} 46. Qg3 {[%emt 0:00:41]} Qc6 {[%emt 0:00:30]} 47. Kh2 {[%emt 0:00:00]} Nd5 {[%emt 0:00:31]} 48. Rg1 {[%emt 0:00:49]} Qf6 {[%emt 0:00:57]} 49. Rf2 {[%emt 0:00:13]} Qe6 {[%emt 0:00:03]} 50. Nd6 {[%emt 0:00:39]} Bc6 {[%emt 0:00:55]} 51. Nf7+ {[%emt 0:00:30]} Kh7 {[%emt 0:00:00]} 52. Ne5 {[%emt 0:00:30]} Be8 {[%emt 0:00:13]} 53. Rf8 {[%emt 0:00:19]} Nf6 {[%emt 0:01:12]} 54. Rxg8 {[%emt 0:00:30]} Qxg8 {[%emt 0:00:00]} 55. Qd3+ {[%emt 0:00:39]} g6 $2 {[%emt 0:00:13]} (55... Kh8 {keeps fighting.} 56. Qc4 Qxc4 57. Nxc4 Kg8) 56. Qxa6 {[%emt 0:00:27]} Nd5 {[%emt 0:00:56]} 57. Qd6 {[%emt 0:00:17]} Nf4 {[%emt 0:00:31]} 58. Qe7+ {[%emt 0:00:29]} Qg7 {[%emt 0:00:42]} 59. Qxe8 {[%emt 0:00:21]} Nd3 {[%emt 0:00:18]} 60. Nxd3 {[%emt 0:01:12]} Qc7+ {[%emt 0:00:08]} 61. Qe5 {[%emt 0:00:19]} Qc2+ {[%emt 0:00:06]} 62. Rg2 {[%emt 0:00:21]} Qxd3 {[%emt 0:00:30]} 63. Qe7+ {[%emt 0:00:30]} Kg8 {[%emt 0:00:30]} 64. Qe6+ {[%emt 0:00:00]} Kg7 {[%emt 0:00:00] [#]} 65. Qxg6+ $18 {[%emt 0:00:00]} 1-0

[Event "6th Cesme Open-A 2018"]
[Site "Cesme"]
[Date "2018.06.30"]
[Round "7.13"]
[White "Samani, Yamac"]
[Black "Haznedaroglu, Kivanc"]
[Result "0-1"]
[WhiteElo "2227"]
[BlackElo "2472"]
[Annotator "ChessBase"]
[PlyCount "104"]
[EventDate "2018.06.26"]
[EventType "swiss"]
[EventCountry "TUR"]
[SourceTitle "playchess.com"]
[Source "ChessBase"]
[SourceQuality "1"]
[TimeControl "5400+30"]

1. e4 {[%emt 0:00:30]} c5 {[%emt 0:01:30]} 2. Nf3 {[%emt 0:00:00]} Nc6 {[%emt 0:00:30]} 3. d4 {[%emt 0:01:00]} cxd4 {[%emt 0:00:30]} 4. Nxd4 {[%emt 0:00:00]} Nf6 {[%emt 0:00:30]} 5. Nc3 {[%emt 0:00:00]} d6 {[%emt 0:00:00]} 6. Bg5 {[%emt 0:05:30]} e6 {[%emt 0:02:00]} 7. Qd2 {[%emt 0:00:30]} a6 {[%emt 0:00:00]} 8. O-O-O {[%emt 0:00:30]} Bd7 {[%emt 0:01:00]} 9. f3 {[%emt 0:02:30]} h6 {[%emt 0:02:30]} 10. Be3 {[%emt 0:01:30]} h5 {[%emt 0:00:00]} 11. Kb1 {[%emt 0:01:30]} Be7 {[%emt 0:01:00]} 12. Bd3 {[%emt 0:09:30]} b5 {[%emt 0:03:30]} 13. g3 {[%emt 0:15:30]} Qc7 {[%emt 0:02:30]} 14. h3 {[%emt 0:04:30]} b4 {[%emt 0:03:30]} 15. Nce2 {[%emt 0:00:30]} d5 {[%emt 0:00:30]} 16. Nxc6 {[%emt 0:03:30]} Bxc6 {[%emt 0:01:30]} 17. e5 {[%emt 0:08:30]} Nd7 {[%emt 0:00:00]} 18. Nd4 {[%emt 0:15:30]} Nxe5 {[%emt 0:06:00]} 19. Bf4 {[%emt 0:01:30]} Bd6 {[%emt 0:00:00]} 20. Rhe1 {[%emt 0:04:30]} Bb7 {[%emt 0:14:00]} 21. Nf5 {[%emt 0:08:28]} f6 {[%emt 0:00:30]} 22. Nxd6+ {[%emt 0:01:47]} Qxd6 {[%emt 0:00:00]} 23. Bxe5 {[%emt 0:01:18]} fxe5 {[%emt 0:00:00]} 24. Qg5 {[%emt 0:00:59]} h4 {[%emt 0:03:30]} 25. Rxe5 {[%emt 0:01:39]} O-O {[%emt 0:03:30]} 26. f4 {[%emt 0:03:00]} hxg3 {[%emt 0:05:30]} 27. Rg1 {[%emt 0:00:58]} Qd8 {[%emt 0:00:30]} 28. Qxg3 {[%emt 0:02:26]} Rf7 {[%emt 0:08:30]} 29. Rg5 {[%emt 0:01:13]} Qf6 {[%emt 0:02:30]} 30. Bg6 {[%emt 0:01:47]} Rc7 {[%emt 0:01:30]} 31. Qh4 {[%emt 0:00:27]} Kf8 {[%emt 0:05:30]} 32. Bd3 {[%emt 0:00:21]} Rf7 {[%emt 0:01:30]} 33. Qh7 {[%emt 0:02:23]} Qh6 {[%emt 0:07:30]} 34. Qxh6 {[%emt 0:00:42]} gxh6 {[%emt 0:00:30]} 35. Rg6 {[%emt 0:00:30]} Ke7 {[%emt 0:00:30]} 36. Rxh6 {[%emt 0:00:05]} Raf8 {[%emt 0:12:53]} 37. Re1 {[%emt 0:00:17]} Rf6 {[%emt 0:00:09]} 38. Rxf6 {[%emt 0:00:46]} Kxf6 {[%emt 0:00:08]} 39. b3 {[%emt 0:00:59]} Rh8 {[%emt 0:00:21]} 40. Re3 {[%emt 0:01:01]} Rh4 {[%emt 0:00:11]} 41. Rf3 {[%emt 0:00:04]} d4 {[%emt 0:01:05]} 42. Rg3 {[%emt 0:01:23]} Rxf4 {[%emt 0:01:36]} 43. Rg6+ {[%emt 0:00:16]} Ke5 {[%emt 0:03:40]} 44. Rh6 {[%emt 0:01:25]} Be4 {[%emt 0:02:23]} 45. Bc4 {[%emt 0:00:36]} Bf5 {[%emt 0:00:06]} 46. Bxa6 {[%emt 0:00:19]} Rf3 {[%emt 0:00:58]} 47. h4 {[%emt 0:00:17]} Rh3 {[%emt 0:00:03]} 48. Rh8 {[%emt 0:00:24]} Rh1+ {[%emt 0:00:38]} 49. Kb2 {[%emt 0:00:30]} Rh2 {[%emt 0:00:00]} 50. Rc8 {[%emt 0:00:00]} d3 {[%emt 0:00:28]} 51. a4 {[%emt 0:01:20]} bxa3+ {[%emt 0:00:07]} 52. Kxa3 {[%emt 0:00:21]} d2 {[%emt 0:00:04]} 0-1

[Event "6th Cesme Open-A 2018"]
[Site "Cesme"]
[Date "2018.06.30"]
[Round "7.14"]
[White "Allajov, Ramil"]
[Black "Rzayev, Bahruz"]
[Result "0-1"]
[WhiteElo "2168"]
[BlackElo "2405"]
[Annotator "NA"]
[PlyCount "115"]
[EventDate "2018.06.26"]
[EventType "swiss"]
[EventCountry "TUR"]
[SourceTitle "playchess.com"]
[Source "ChessBase"]
[SourceQuality "1"]
[TimeControl "5400+30"]

{[%evp 8,102,28,32767,0,32767,32767,9,32767,32767,26,31,23,12,32,6,11,18,10,13,43,30,81,0,19,-16,-11,-59,-54,-120,-79,32767,32767,32767,-167,32767,-164,-150,-193,-153,-143,-193,-114,-130,0,0,46,43,53,0,42,0,28,0,-150,0,87,75,64,-29996,72,32767,32767,78,75,77,91,29,35,28,33,12,0,32767,14,11,40,0,0,0,36,0,0,0,0,0,32767,32767,61,55,32767,32767,30,26,32767,22,59]} 1. Nf3 {[%emt 0:00:30]} c5 {[%emt 0:00:30]} 2. c4 {[%emt 0:00:30]} Nc6 {[%emt 0:00:30]} 3. e3 {[%emt 0:00:30]} e6 {[%emt 0:02:30]} 4. d4 {[%emt 0:02:30]} d5 {[%emt 0:00:00]} 5. Nc3 {[%emt 0:00:30]} Nf6 {[%emt 0:03:00]} 6. cxd5 {[%emt 0:04:30]} exd5 {[%emt 0:00:00]} 7. Be2 {[%emt 0:00:30]} Be7 {[%emt 0:01:00]} 8. O-O {[%emt 0:01:30]} O-O {[%emt 0:00:00]} 9. dxc5 {[%emt 0:01:30]} Bxc5 {[%emt 0:00:00]} 10. b3 {[%emt 0:00:00]} a6 {[%emt 0:01:30]} 11. Bb2 {[%emt 0:02:00]} Ba7 {[%emt 0:00:00]} 12. Na4 {[%emt 0:00:30] D32: Tarrasch Defence: Sidelines and lines without g3} Ne4 {[%emt 0:05:00]} 13. Rc1 {[%emt 0:02:30] LiveBook: 14 Partien [#]} f5 $146 {[%emt 0:04:30]} ({Predecessor:} 13... Qd6 14. Nc3 Nf6 15. Rc2 Be6 16. Rd2 Rad8 17. Qa1 Rfe8 18. Rfd1 Qc7 19. Bf1 Ng4 20. h3 Nxe3 21. fxe3 Bxe3+ 22. Kh1 Bxd2 23. Rxd2 {1-0 (47) Fridman,D (2639)-Rombaldoni,A (2507) Riga 2014}) 14. Ne5 {[%emt 0:08:30]} f4 {[%emt 0:01:30]} (14... Qd6 $11 {keeps the balance.} 15. Nxc6 bxc6) 15. exf4 {[%emt 0:01:30]} (15. Rxc6 $5 bxc6 16. Nxc6 $16) 15... Rxf4 {[%emt 0:02:30]} 16. Bf3 {[%emt 0:03:30]} Qd6 {[%emt 0:00:30]} 17. Bxe4 {[%emt 0:01:30]} Rxe4 {[%emt 0:00:30]} 18. Nc4 {[%emt 0:06:30]} (18. Nxc6 $15 bxc6 19. Rc3) 18... Qd8 {[%emt 0:01:30]} 19. Nd2 {[%emt 0:04:30]} Bg4 {[%emt 0:01:30]} 20. Qc2 {[%emt 0:03:30]} Re2 {[%emt 0:03:30]} 21. Qd3 {[%emt 0:04:30]} Qf8 {[%emt 0:04:30]} 22. Nf3 {[%emt 0:00:30]} Bxf3 {[%emt 0:00:30]} 23. gxf3 {[%emt 0:00:30]} Rae8 {[%emt 0:00:30]} 24. Qxd5+ {[%emt 0:00:30]} Kh8 {[%emt 0:00:30]} 25. Rc4 {[%emt 0:01:30]} Ne5 {[%emt 0:03:30]} (25... Rd8 $17 26. Qh5 Bd4 27. Bxd4 Nxd4) 26. Bxe5 $1 {[%emt 0:11:30]} R8xe5 {[%emt 0:00:30]} 27. Qxb7 {[%emt 0:01:30]} Rg5+ {[%emt 0:00:30]} 28. Kh1 {[%emt 0:05:30]} Rxf2 {[%emt 0:00:30]} 29. Rxf2 {[%emt 0:00:30]} Bxf2 {[%emt 0:00:00]} 30. h3 {[%emt 0:01:30]} Rg1+ {[%emt 0:05:00]} 31. Kh2 {[%emt 0:00:30]} Rd1 {[%emt 0:00:30]} (31... Qd6+ $11 {bleibt in der Remisbreite.} 32. f4 h6) 32. Rc8 {[%emt 0:03:30]} Rd8 {[%emt 0:00:00]} 33. Rxd8 $16 {[%emt 0:02:30]} (33. Nc3 $2 {[%emt 0:02:30][%mdl 8192]}) 33... Qxd8 {[%emt 0:00:00]} 34. Nc3 {[%emt 0:00:30]} a5 {[%emt 0:00:30]} 35. Kg2 {[%emt 0:00:30]} Bb6 {[%emt 0:00:30]} 36. Qd5 {[%emt 0:00:30]} Qc8 {[%emt 0:16:30]} 37. Qc4 {[%emt 0:02:30]} Qd8 {[%emt 0:00:30]} 38. Ne4 {[%emt 0:01:30]} h6 $1 {[%emt 0:00:30]} 39. f4 {[%emt 0:04:05]} Qd7 {[%emt 0:04:30]} 40. a3 {[%emt 0:05:12]} Bc7 {[%emt 0:01:30]} 41. Kg3 {[%emt 0:00:59]} Qd8 {[%emt 0:01:30]} 42. Kf3 {[%emt 0:02:13]} Qd1+ {[%emt 0:00:30]} 43. Kg3 {[%emt 0:01:21]} Qd8 {[%emt 0:04:30]} 44. Kf3 {[%emt 0:04:40]} Bb6 {[%emt 0:06:30]} 45. Qc2 {[%emt 0:02:25]} Qd5 {[%emt 0:01:30]} 46. Kg3 {[%emt 0:01:52]} Qf5 {[%emt 0:02:30]} 47. Qc6 {[%emt 0:00:01]} Bd4 {[%emt 0:01:30]} ({Günstiger ist} 47... Kh7 $11) 48. b4 {[%emt 0:00:12]} Kh7 {[%emt 0:02:30]} 49. Nc5 {[%emt 0:02:24]} axb4 $11 {[%emt 0:05:46]} (49... Bxc5 $5 50. Qxc5 (50. bxc5 Qd3+ 51. Kg4 Qe2+ 52. Kf5 Qe3 $16) 50... Qd3+ 51. Kg4 Qg6+ 52. Kf3 axb4 53. axb4 Qd3+ 54. Qe3 Qf1+ 55. Kg3 Qb1 $16) 50. axb4 {[%emt 0:00:30]} Bc3 {[%emt 0:00:00]} 51. b5 {[%emt 0:00:19]} Be1+ {[%emt 0:00:00]} 52. Kf3 {[%emt 0:00:46]} Qxh3+ {[%emt 0:00:17]} 53. Ke2 {[%emt 0:00:00]} Bg3 {[%emt 0:01:49]} 54. Qe4+ {[%emt 0:01:07]} Kh8 {[%emt 0:00:00]} 55. Ne6 {[%emt 0:00:17]} Qh2+ {[%emt 0:00:16]} 56. Kf3 {[%emt 0:00:39]} Qh1+ {[%emt 0:00:08]} 57. Ke3 {[%emt 0:00:30]} Bf2+ {[%emt 0:00:00]} 58. Kd3 {[%emt 0:02:28]} 0-1

[Event "6th Cesme Open-A 2018"]
[Site "Cesme"]
[Date "2018.06.30"]
[Round "7.15"]
[White "Makaraci, Tunahan"]
[Black "Sari, Yasin"]
[Result "0-1"]
[WhiteElo "2021"]
[BlackElo "2330"]
[Annotator "NA"]
[PlyCount "116"]
[EventDate "2018.06.26"]
[EventType "swiss"]
[EventCountry "TUR"]
[SourceTitle "playchess.com"]
[Source "ChessBase"]
[SourceQuality "1"]
[TimeControl "5400+30"]

{[%evp 11,97,12,18,0,0,27,32767,32767,-55,-112,32767,32767,32767,32767,-137,32767,-134,32767,-126,32767,32767,32767,32767,-158,-155,-167,-153,-162,-132,-134,-120,-120,-122,-119,-105,-120,-46,-76,32767,32767,32767,-80,-90,-127,-97,-145,-116,-137,-133,32767,32767,32767,32767,32767,-114,-117,-88,32767,32767,32767,32767,-147,32767,32767,32767,-162,-154,-166,-151,-166,-143,-141,-116,-111,-123,-123,-136,-125,32767,32767,32767,-171,32767,32767,32767,32767,32767,-196]} 1. e4 {[%emt 0:01:30]} e6 {[%emt 0:00:30]} 2. d4 {[%emt 0:01:30]} d5 {[%emt 0:00:30]} 3. Nc3 {[%emt 0:00:00]} dxe4 {[%emt 0:01:30]} 4. Nxe4 {[%emt 0:00:00]} Bd7 {[%emt 0:00:30]} 5. Nf3 {[%emt 0:00:00]} Bc6 {[%emt 0:00:30]} 6. Neg5 {[%emt 0:05:00]} Nd7 {[%emt 0:09:30] C10: French with 3 Nc3: Unusual Black 3rd moves and 3...dxe4} (6... Bd6 7. Bd3 h6 8. Ne4 Nf6 9. Qe2 Nxe4 10. Bxe4 Bxe4 11. Qxe4 c6 12. O-O O-O 13. c4 Nd7 14. Rd1 {½-½ (26) Tari,A (2570)-Blomqvist,E (2545) Vasteras 2016}) 7. Nxf7 {[%emt 0:00:30]} Kxf7 {[%emt 0:01:30]} 8. Ng5+ {[%emt 0:00:30]} Ke8 {[%emt 0:17:30]} 9. Bc4 {[%emt 0:00:00]} Bxg2 {[%emt 0:20:30]} 10. Rg1 {[%emt 0:04:00] LiveBook: 3 Games} Bd5 {[%emt 0:06:30]} 11. Bxd5 {[%emt 0:01:30]} exd5 {[%emt 0:00:00]} 12. Qe2+ $146 {[%emt 0:03:30]} ({Predecessor:} 12. Rg3 Ndf6 13. Qe2+ Ne4 14. f3 {½-½ (41) Nielsen,P (2440)-Rice,C Gausdal 1993}) 12... Qe7 {[%emt 0:01:00]} 13. Ne6 {[%emt 0:00:30]} Ngf6 {[%emt 0:00:30]} 14. Nxc7+ {[%emt 0:03:30]} Kf7 {[%emt 0:00:30]} 15. Nxa8 {[%emt 0:01:30]} Qxe2+ {[%emt 0:00:30]} 16. Kxe2 {[%emt 0:00:30]} Bd6 {[%emt 0:00:30]} 17. h3 {[%emt 0:04:30]} Rxa8 {[%emt 0:00:00]} 18. Be3 {[%emt 0:00:30]} Rc8 {[%emt 0:01:00]} 19. Kd3 {[%emt 0:02:30]} Nb6 {[%emt 0:01:30]} 20. c3 {[%emt 0:01:30]} Na4 {[%emt 0:03:30]} 21. Rab1 {[%emt 0:04:30]} b5 {[%emt 0:01:30]} 22. Rgc1 {[%emt 0:00:30]} Nb6 {[%emt 0:01:30]} 23. b3 {[%emt 0:01:30]} Nh5 {[%emt 0:04:30]} (23... a6 $17 24. f3 Nh5) 24. a4 {[%emt 0:06:30]} bxa4 {[%emt 0:02:30]} 25. bxa4 {[%emt 0:00:00]} Rc7 {[%emt 0:05:13]} 26. a5 {[%emt 0:03:00]} (26. Rb5 $1 $11) 26... Nc4 {[%emt 0:01:14]} 27. a6 {[%emt 0:00:00]} Ke6 {[%emt 0:01:06]} 28. Rb3 {[%emt 0:05:00]} (28. Rb7 $142) 28... Rc6 {[%emt 0:00:30]} 29. Ra1 {[%emt 0:03:30] [#]} Nb6 $1 {[%emt 0:02:50]} 30. Ra5 {[%emt 0:01:30]} Nf6 {[%emt 0:01:59]} 31. f3 {[%emt 0:03:30]} Nfd7 {[%emt 0:01:15]} 32. Ra1 {[%emt 0:00:30]} Rc8 {[%emt 0:01:49]} 33. Rg1 {[%emt 0:00:30]} g6 {[%emt 0:00:49]} 34. Bg5 {[%emt 0:02:30]} Kf7 {[%emt 0:03:21]} 35. Re1 {[%emt 0:01:30]} Nf8 {[%emt 0:01:54]} 36. Reb1 {[%emt 0:05:30]} Ne6 {[%emt 0:01:37]} 37. Be3 {[%emt 0:00:30]} Ke7 {[%emt 0:00:00]} 38. Rh1 {[%emt 0:00:30]} Rf8 {[%emt 0:00:42]} 39. Ke2 {[%emt 0:00:30]} Kd7 {[%emt 0:00:25]} 40. h4 {[%emt 0:01:30]} Rf5 {[%emt 0:00:22]} 41. Bg5 {[%emt 0:01:30]} Be7 {[%emt 0:02:05]} 42. Bxe7 {[%emt 0:00:30]} Kxe7 {[%emt 0:00:00]} 43. Kf2 {[%emt 0:00:00]} Kd7 {[%emt 0:00:57]} 44. Re1 {[%emt 0:00:00]} Nc7 {[%emt 0:00:37]} 45. Rb2 {[%emt 0:01:30]} Rf6 {[%emt 0:00:40]} 46. Kg3 {[%emt 0:01:30]} Rc6 {[%emt 0:00:58]} 47. Rc2 {[%emt 0:00:30]} Nb5 {[%emt 0:01:42]} 48. Rce2 {[%emt 0:00:30]} Nc8 {[%emt 0:00:00]} 49. Re8 $19 {[%emt 0:00:30]} Rf6 {[%emt 0:01:14]} 50. Rh8 {[%emt 0:01:30]} Rf7 {[%emt 0:00:08]} 51. Ree8 {[%emt 0:10:30]} Ncd6 {[%emt 0:00:10]} 52. Rb8 {[%emt 0:00:00]} Kc6 {[%emt 0:00:45]} 53. Kg4 {[%emt 0:03:40]} Nxc3 {[%emt 0:00:15]} 54. Rbf8 {[%emt 0:00:11]} Rd7 {[%emt 0:01:14]} 55. Kf4 {[%emt 0:03:32]} Re7 {[%emt 0:00:20]} 56. Rf6 {[%emt 0:00:58]} Ne2+ {[%emt 0:00:47]} 57. Kg5 {[%emt 0:00:52]} Nxd4 {[%emt 0:01:25]} 58. Rd8 {[%emt 0:00:18]} Ne6+ {[%emt 0:00:23]} 0-1

[Event "6th Cesme Open-A 2018"]
[Site "Cesme"]
[Date "2018.06.30"]
[Round "7.16"]
[White "Charkhalashvili, Inga"]
[Black "Karaahmetoglu, Ege"]
[Result "1-0"]
[WhiteElo "2325"]
[BlackElo "2040"]
[Annotator "NA"]
[PlyCount "87"]
[EventDate "2018.06.26"]
[EventType "swiss"]
[EventCountry "TUR"]
[SourceTitle "playchess.com"]
[Source "ChessBase"]
[SourceQuality "1"]
[TimeControl "5400+30"]

1. d4 {[%emt 0:00:30]} Nf6 {[%emt 0:01:30]} 2. c4 {[%emt 0:00:00]} e6 {[%emt 0:00:30]} 3. Nf3 {[%emt 0:00:00]} b6 {[%emt 0:00:00]} 4. g3 {[%emt 0:00:00]} Ba6 {[%emt 0:00:00]} 5. b3 {[%emt 0:00:00]} Bb4+ {[%emt 0:00:30]} 6. Bd2 {[%emt 0:00:30]} Be7 {[%emt 0:00:30]} 7. Bg2 {[%emt 0:00:00]} d5 {[%emt 0:00:00]} 8. Bc3 {[%emt 0:01:00]} O-O {[%emt 0:01:00] E15: Queen's Indian: 4 g3 sidelines, 4 g3 Ba6 and 4 g3 Bb7 early deviations} 9. Nbd2 {[%emt 0:00:30]} Bb7 {[%emt 0:00:30]} 10. O-O {[%emt 0:01:30]} Na6 {[%emt 0:02:30]} (10... Nbd7 11. Re1 c5 12. e3 Rc8 13. Bb2 a6 14. Qe2 dxc4 15. Nxc4 {0-1 (47) Henriquez Villagra,C (2517)-Debashis,D (2472) Doha 2016}) 11. Bb2 {[%emt 0:03:30]} c5 {[%emt 0:03:30] LiveBook: 9 Games} 12. Rc1 {[%emt 0:04:30]} Rc8 {[%emt 0:04:30]} 13. e3 {[%emt 0:15:30]} Nb4 {[%emt 0:31:30]} 14. Qe2 {[%emt 0:05:30]} Nxa2 {[%emt 0:04:30]} 15. Ra1 {[%emt 0:00:30]} Nb4 {[%emt 0:00:00]} 16. Rxa7 {[%emt 0:00:00]} Ba6 {[%emt 0:01:00]} 17. Ra1 $146 {[%emt 0:07:00]} ({Predecessor:} 17. Bc3 Rc7 18. Rxc7 Qxc7 19. Ra1 Ra8 20. Bxb4 cxb4 {½-½ (103) Wagner,D (2355)-Laubert,J (2082) playchess.com INT 2012}) 17... Ra8 {[%emt 0:00:30]} 18. Rxa8 {[%emt 0:00:30]} Qxa8 {[%emt 0:00:00]} 19. Bc3 {[%emt 0:05:30]} Qc8 {[%emt 0:16:00]} 20. Bxb4 {[%emt 0:07:30]} cxb4 {[%emt 0:00:30]} 21. Ne5 {[%emt 0:00:30]} Bd6 {[%emt 0:04:30]} 22. e4 {[%emt 0:03:30]} Bb7 {[%emt 0:06:30]} 23. Nd3 {[%emt 0:02:30]} dxe4 {[%emt 0:06:07]} 24. Nxe4 {[%emt 0:00:00]} Nxe4 {[%emt 0:01:42]} 25. Bxe4 {[%emt 0:00:00]} Rd8 {[%emt 0:00:03]} 26. Ra7 {[%emt 0:02:30]} Rd7 {[%emt 0:02:16]} 27. Bxb7 {[%emt 0:07:30]} Rxb7 {[%emt 0:00:11]} 28. Ra2 {[%emt 0:04:30]} g6 {[%emt 0:02:02]} 29. Qe4 {[%emt 0:00:30]} Bf8 {[%emt 0:00:53]} 30. Ne5 {[%emt 0:01:30]} Qc7 {[%emt 0:01:49]} 31. Nc6 {[%emt 0:01:30]} Qc8 {[%emt 0:01:36]} 32. h4 {[%emt 0:06:30]} Rc7 {[%emt 0:02:22]} 33. d5 $14 {[%emt 0:04:56]} (33. Nxb4 $16 Qd7 34. Nd3) 33... exd5 {[%emt 0:02:20]} 34. cxd5 {[%emt 0:00:03]} Qf5 {[%emt 0:00:00]} 35. Qxf5 {[%emt 0:05:27]} gxf5 {[%emt 0:00:00]} 36. Ra8 {[%emt 0:00:30]} Rd7 {[%emt 0:01:05]} 37. Rb8 {[%emt 0:02:12]} Kg7 {[%emt 0:01:09]} 38. Rxb6 {[%emt 0:00:07]} Bc5 {[%emt 0:04:21]} 39. Rb5 {[%emt 0:00:38]} Rxd5 {[%emt 0:00:30]} 40. Kg2 {[%emt 0:00:00]} Rd3 {[%emt 0:01:02]} 41. Rxc5 {[%emt 0:00:00]} Rxb3 {[%emt 0:00:03]} 42. Rb5 {[%emt 0:00:34]} f4 {[%emt 0:01:03]} 43. gxf4 {[%emt 0:00:12]} Rc3 {[%emt 0:00:44]} 44. Nxb4 {[%emt 0:00:30]} 1-0